Membina remaja cemerlang

Bibliographic Details
Main Author: Abu Haiyan
Format: Book
Published: Kuala Lumpur : Majlis Agama Islam Wilayah Persekutuan , 1994
Subjects:

MARC

LEADER 00000cam a2200000 7i4500
001 0000006397
005 20050615.0
040 |a INS 
090 0 0 |a BF7243.M65.   |b A165 1994 
100 0 |a Abu Haiyan 
245 1 0 |a Membina remaja cemerlang   |c Abu Haiyan 
260 |a Kuala Lumpur :   |b Majlis Agama Islam Wilayah Persekutuan ,   |c 1994 
300 |a 21p ;   |c 21cm. 
650 0 0 |a Youth   |x Muslim 
999 |a 0000005357   |b BOOK   |c Open Shelf   |e Default branch